Vainqueurs de F2 2017 - Statistiques

Statistiques générales
  • Ce quiz a été pris 5 fois
  • Le résultat moyen est 11 sur 22
Statistiques - réponses
Course Vainqueur % Correct
Bahreïn (S) Charles Leclerc
75%
Barcelone Charles Leclerc
75%
Azerbaïdjan Charles Leclerc
75%
Autriche Charles Leclerc
75%
Royaume-Uni Charles Leclerc
75%
Jerez Charles Leclerc
75%
Emirats Arabes Unis (S) Charles Leclerc
75%
Italie Antonio Fuoco
50%
Bahreïn Artem Markelov
50%
Autriche (S) Artem Markelov
50%
Belgique Artem Markelov
50%
Jerez (S) Artem Markelov
50%
Emirats Arabes Unis Artem Markelov
50%
Italie (S) Luca Ghiotto
50%
Royaume-Uni (S) Nicholas Latifi
50%
Monaco (S) Nyck De Vries
50%
Azerbaïdjan (S) Norman Nato
25%
Monaco Oliver Rowland
25%
Hongrie Oliver Rowland
25%
Barcelone (S) Nobuaru Matsushita
0%
Hongrie (S) Nobuaru Matsushita
0%
Belgique (S) Sergio Sette Camara
0%
Aucun quiz correspondant
Distribution des résultats
% des personnes avec chaque résultat
Percentile par nombre de réponses
Votre historique - résultats
Vous n’avez pas pris ce quiz